Institutional change and effective financing of agricultural research in Latin America:findings of a workshop organized by Inter-American Development Bank and the World Bank, Buenos Aires, August 1995 (Record no. 47068)

MARC details
000 -LEADER
fixed length control field 01058nam a2200229 a 4500
008 - FIXED-LENGTH DATA ELEMENTS--GENERAL INFORMATION
fixed length control field 120416s1996 ||||||||||||||||| || u
020 ## - INTERNATIONAL STANDARD BOOK NUMBER
International Standard Book Number 0821337092
050 ## - LIBRARY OF CONGRESS CALL NUMBER
Classification number IBRD(08)
100 ## - MAIN ENTRY--PERSONAL NAME
Personal name Trigo Edawardo J
245 10 - TITLE STATEMENT
Title Institutional change and effective financing of agricultural research in Latin America:findings of a workshop organized by Inter-American Development Bank and the World Bank, Buenos Aires, August 1995
Statement of responsibility, etc. reuben G. Echeverria; Edwardo J. Trigo; Derek Byerlee
260 ## - PUBLICATION, DISTRIBUTION, ETC.
Place of publication, distribution, etc. Washington, D. C.
Name of publisher, distributor, etc. World Bank
Date of publication, distribution, etc. 1996
300 ## - PHYSICAL DESCRIPTION
Extent xii, 34p. : ill.
350 ## - PRICE (NR) (BK AM CF MU VM SE) [OBSOLETE]
Price 0.00
490 ## - SERIES STATEMENT
Series statement World Bank Technical Papers
650 ## - SUBJECT ADDED ENTRY--TOPICAL TERM
Topical term or geographic name entry element AGRICULTURE
650 ## - SUBJECT ADDED ENTRY--TOPICAL TERM
Topical term or geographic name entry element AGRICULTURE--RESEARCH--LATIN AMERICA--FINANCE--CONGRESS
650 ## - SUBJECT ADDED ENTRY--TOPICAL TERM
Topical term or geographic name entry element NATIONAL AGRICULTURAL RESEARCH SYSTEMS--LATIN AMERICA--FINANCE--CONGRESS
700 ## - ADDED ENTRY--PERSONAL NAME
Personal name Byerlee, Derek
700 ## - ADDED ENTRY--PERSONAL NAME
Personal name Echeverria, Ruben G
710 ## - ADDED ENTRY--CORPORATE NAME
Corporate name or jurisdiction name as entry element World Bank
995 ## - RECOMMENDATION 995 [LOCAL, UNIMARC FRANCE]
-- 0.00
-- CBU-MAIN LIBRARY (Kitwe)
-- 1
-- 0.00
-- 1
-- AVAILABLE
-- International Publications
Holdings
Withdrawn status Lost status Source of classification or shelving scheme Damaged status Not for loan Home library Current library Shelving location Date acquired Total Checkouts Full call number Barcode Date last seen Price effective from Koha item type
          CBU-MAIN LIBRARY, KITWE. CBU-MAIN LIBRARY, KITWE.   11/30/2022   IBRD(08) 019411 11/30/2022 11/30/2022 MONOGRAPH